All world cup countries main eleven 2022 edition - Statistics

General Stats
  • This quiz has been taken 57 times
    56 since last reset
  • The average score is 74 of 352
Answer Stats
Hint Answer % Correct
Poland Lewandowski/Lewangoalski
85%
Ecuador Valencia
85%
England Kane
77%
Argentina Messi
77%
Poland Szczesny
77%
Netherlands Van Dijk
77%
Wales Bale
69%
Poland Bereszynski
69%
Poland Cash
69%
Netherlands De Jong
69%
France Griezmann
69%
Poland Krychowiak
69%
Mexico Martin
69%
France Mbappe
69%
Croatia Modric
69%
Brazil Neymar
69%
Poland Zielinski
69%
Netherlands Depay
62%
Spain Gavi
62%
France Giroud
62%
Poland Glik
62%
Poland Kiwior
62%
France Lloris
62%
England Maguire
62%
Argentina Martinez
62%
Mexico Ochoa
62%
Spain Pedri
62%
England Saka
62%
Argentina | Mexico Alvarez
54%
Canada | Wales Davies
54%
France Dembele
54%
Argentina Di Maria
54%
Denmark Eriksen
54%
Poland Frankowski
54%
France Hernandez
54%
Senegal Mendy
54%
Argentina Molina
54%
Costa Rica Navas
54%
Germany Neuer
54%
Portugal Pepe
54%
England Pickford
54%
Korea Son
54%
Qatar Afif
46%
Spain Alba
46%
Qatar Ali
46%
Brazil Allison
46%
Netherlands Blind
46%
Brazil Casemiro
46%
Argentina De Paul
46%
Netherlands Dumfries
46%
Netherlands Gakpo
46%
Morocco Hakimi
46%
England Henderson
46%
Korea Kim
46%
Senegal Koulibaly
46%
Croatia Livakovic
46%
Argentina Mac Allister
46%
Brazil Marquinhos
46%
Germany Muller
46%
Argentina Otamendi
46%
USA Pulisic
46%
England Rice
46%
Argentina Romero
46%
Switzerland Sommer
46%
England Stones
46%
Uruguay Suarez
46%
Ecuador | Spain Torres
46%
France Upamecano
46%
Brazil Vinicius
46%
USA Weah
46%
Saudi Arabia Al-Dawsari
38%
England Bellingham
38%
Morocco Bono
38%
Spain Busquets
38%
Belgium De Bruyne
38%
Senegal Dia
38%
Portugal | Switzerland Fernandes
38%
Argentina Fernandez
38%
France Kounde
38%
USA McKennie
38%
Serbia Mitrovic
38%
Brazil Paqueta
38%
France Rabiot
38%
Portugal Ramos
38%
Wales Ramsey
38%
Brazil Richarlison
38%
England Shaw
38%
Brazil | Portugal Silva
38%
Spain Simon
38%
France Varane
38%
England Walker
38%
Morocco Ziyech
38%
Netherlands Ake
31%
Belgium Alderweireld
31%
Morocco Amrabat
31%
Iran Azmoun
31%
Denmark Braithwaite
31%
Belgium Courtois
31%
Switzerland Embolo
31%
Portugal Felix
31%
Croatia Gvardiol
31%
Poland Kaminski
31%
Germany Kimmich
31%
Croatia Kovacic
31%
Spain Llorente
31%
Mexico Lozano
31%
Serbia Milinkovic-Savic
31%
Spain Olmo
31%
Brazil Raphinha
31%
Spain Rodri
31%
Senegal Sarr
31%
Poland Szymanski
31%
Argentina Tagliafico
31%
Netherlands Timber
31%
USA Zimmerman
31%
Spain Asensio
23%
Netherlands Bergwijn
23%
Morocco Boufal
23%
Belgium Carrasco
23%
Denmark Christensen
23%
Brazil Danilo
23%
Portugal Dias
23%
Morocco En-Nesyri
23%
Germany Gnabry
23%
Portugal Guerreiro
23%
Germany Gundogan
23%
Serbia Kostic
23%
Croatia Kramaric
23%
Denmark Kristensen
23%
Spain Laporte
23%
Australia Mooy
23%
Netherlands Noppert
23%
Croatia Orsic
23%
Ecuador Plata
23%
Germany Sane
23%
Denmark Schmeichel
23%
Switzerland Shaqiri
23%
Iran Taremi
23%
Belgium Vertonghen
23%
Cameroon Aboubakar
15%
Ecuador Caicedo
15%
Costa Rica Campbell
15%
Portugal Dalot
15%
Netherlands De Roon
15%
USA Dest
15%
Ecuador Estupinan
15%
England Foden
15%
Germany Goretzka
15%
Qatar Hassan
15%
Ecuador Hincapie
15%
Japan Ito
15%
Tunisia Khazri
15%
Belgium Meunier
15%
Brazil Militao
15%
Wales Moore
15%
Mexico Moreno
15%
Uruguay Nunez
15%
Croatia Perisic
15%
Germany Raum
15%
USA Robinson
15%
Australia Ryan
15%
Mexico Sanchez
15%
USA Turner
15%
Serbia Vlahovic
15%
Wales Ward
15%
Ghana | Wales Williams
15%
Belgium Witsel
15%
Switzerland Xhaka
15%
USA Adams
8%
Canada Adekugbe
8%
Qatar Ahmed
8%
Switzerland Akanji
8%
Wales Allen
8%
Uruguay Arrascaeta
8%
Ghana Ayew
8%
Canada Borjan
8%
Mexico Chavez
8%
Senegal Ciss
8%
Portugal Costa
8%
Senegal Diatta
8%
Japan Doan
8%
Australia Duke
8%
Japan Endo
8%
Ecuador Estrada
8%
Switzerland Freuler
8%
Costa Rica Fuller
8%
Ecuador Galindez
8%
Mexico Gallardo
8%
Wales James
8%
Denmark Jensen
8%
Ghana Kudus
8%
Korea Lee
8%
Croatia Livaja
8%
Japan Maeda
8%
Denmark Maehle
8%
Croatia Majer
8%
Cameroon Mbuemo
8%
Belgium Mertens
8%
Serbia Milenkovic
8%
USA Musah
8%
Japan Nagatomo
8%
USA Ream
8%
Uruguay Rochet
8%
Wales Rodon
8%
Switzerland Rodriguez
8%
Germany Sule
8%
Serbia Tadic
8%
Uruguay Valverde
8%
Mexico Vega
8%
Japan Yoshida
8%
Saudi Arabia Abdulhamid
0%
Costa Rica Aguilera
0%
Saudi Arabia Al-Amri
0%
Saudi Arabia Al-Boleahi
0%
Saudi Arabia Al-Buraikan
0%
Saudi Arabia Al-Ghannam
0%
Saudi Arabia Al-Hassan
0%
Qatar Al Haydos
0%
Morocco Allah
0%
Saudi Arabia Al-Owais
0%
Saudi Arabia Al-Shehri
0%
Saudi Arabia Al-Tambakti
0%
Ghana Amartey
0%
Wales Ampadu
0%
Denmark Andersen
0%
Cameroon Anguissa
0%
Ghana Ati
0%
Australia Baccus
0%
Qatar Barsham
0%
Australia Behich
0%
Iran Beirandvand
0%
Uruguay Bentancur
0%
Costa Rica Borges
0%
Canada Buchanan
0%
Korea Cho
0%
Cameroon Choupo-Moting
0%
Uruguay Coates
0%
Tunisia Dahmen
0%
Morocco Dari
0%
Australia Degenek
0%
Belgium Dendoncker
0%
Senegal Diallo
0%
Belgium Castagne
0%
Costa Rica Duarte
0%
Cameroon Ebosse
0%
Cameroon Epassy
0%
Iran Ezatolahi
0%
Cameroon Fai
0%
USA Ferreira
0%
Ecuador Franco
0%
Tunisia Ghandri
0%
Iran Gholizadeh
0%
Uruguay Gimenez
0%
Japan Gonda
0%
Ecuador Gruezo
0%
Iran Haji Safi
0%
Qatar Hatem
0%
Canada Hoilett
0%
Denmark Hojbjerg
0%
Iran Hosseini
0%
Korea Hwang
0%
Australia Irvine
0%
Senegal Jakobs
0%
Canada Johnston
0%
Korea Jung
0%
Japan Kamada
0%
Saudi Arabia Kanno
0%
Canada Kaye
0%
Tunisia Kechrida
0%
Morocco Khannouss
0%
Qatar Khoukhi
0%
Cameroon Kunde
0%
Tunisia Laidouni
0%
Canada Larin
0%
Australia Leckie
0%
Denmark Lindstorm
0%
Serbia Lukic
0%
Tunisia Maaloul
0%
Qatar Madibo
0%
Australia McGree
0%
Wales Mepham
0%
Tunisia Meriah
0%
Qatar Miguel
0%
Canada Miller
0%
Iran Mohammadi
0%
Qatar Mohammed
0%
Mexico Montes
0%
Japan Morita
0%
Germany Musiala
0%
Senegal Ndiaye
0%
Portugal Neves
0%
Cameroon Ngamaleu
0%
Iran Nourollahi
0%
Uruguay Oliviera
0%
Denmark Olsen
0%
Canada Osorio
0%
Portugal Otavio
0%
Costa Rica Oviedo
0%
Ghana Partey
0%
Serbia Pavlovic
0%
Uruguay Pellistri
0%
Mexico Pineda
0%
Iran Pouraliganji
0%
Ecuador Preciado
0%
Ghana Rahman
0%
Iran Rezaeian
0%
Tunisia Romdhane
0%
Australia Rowles
0%
Germany Rudriger
0%
Senegal Sabaly
0%
Morocco Sabiri
0%
Ghana Salisu
0%
Ghana Samed
0%
Switzerland Schar
0%
Ghana Seidu
0%
Tunisia Skhiri
0%
Tunisia Slimane
0%
Australia Souttar
0%
Switzerland Sow
0%
Croatia Stanisic
0%
Croatia Sutalo
0%
Tunisia Talbi
0%
Japan Taniguchi
0%
France Tchoumeni
0%
Costa Rica Tejeda
0%
Cameroon Tolo
0%
Japan Tomiyasu
0%
Belgium Trossard
0%
Uruguay Varela
0%
Costa Rica | Switzerland Vargas
0%
Serbia Velijkovic
0%
Costa Rica Venegas
0%
Canada Vitoria
0%
Costa Rica Waston
0%
Cameroon Wooh
0%
Morocco Yamiq
0%
Serbia Zivkovic
0%
No matching quizzes found
Score Distribution
Percent of People with Each Score
Percentile by Number Answered
Your Score History
You have not taken this quiz since the last reset